000
00264nam a22001217a 4500
008
170406b xxu||||| |||| 00| 0 eng d
041
_a
eng
080
_2
9 ED
_a
616.15
100
_a
9
101
_a
SHM
245
_a
CLINICAL HEMATOLOGY
_c
LEE.G.R
942
_2
udc
_c
BK
999
_c
9919
_d
9919